000 00915cam a2200289 a 4500
001 60455
003 CO-BoRNBP
005 20260209201245.0
007 ta
008 140224s2013 ck a gr 000 m spa
020 _a9789586231503
040 _aCO-BoBN
_bspa
_cCO-BoBN
082 0 4 _a398.809861
_223
245 1 0 _aPatas de armadillo, dientes de ratón :
_bcanciones, juegos y relatos de los campesinos colombianos
250 _a1a. ed.
300 _a[66] p. :
_bil. ;
_c18 cm
336 _2rdacontent
_atexto
_btxt
337 _2rdamedia
_asin mediación
_bn
338 _2rdacarrier
_avolumen
_bnc
650 1 4 _aCanciones infantiles colombianas
_2LEMB
_921793
650 2 4 _aRimas infantiles colombianas
_2LEMB
_964286
650 2 4 _aJuegos infantiles
_2LEMB
_910241
650 2 4 _aAdivinanzas
_2LEMB
_9960
650 2 4 _aJuegos de palabras
_2LEMB
_9962
942 _2ddc
_cBK
990 _a2014-1584
_bBienestar Familiar
999 _c60455
_d60455